Find the aircraft/ Trouvez l'avion - Easy/Facile - Statistiques

Statistiques générales
  • Ce quiz a été pris 61 fois
  • Le résultat moyen est 4 sur 16
Statistiques - réponses
Par images Réponse % Correct
Concorde
87%
Boeing 747
70%
F-35
51%
Antonov 225
49%
SR-71 Blackbird
32%
Tupolev 144
30%
Piper Cub
19%
CriCri
15%
Airbus 321
9%
Cessna 152
6%
CRJ-700
6%
Airbus 330-300
2%
Airbus 340-300
2%
Airbus 350-900
2%
Boeing 777F
0%
Gulfstream 9500
0%
Aucun quiz correspondant
Distribution des résultats
% des personnes avec chaque résultat
Percentile par nombre de réponses
Votre historique - résultats
Vous n’avez pas pris ce quiz